[Event "1700-2000"]
[Site "SchemingMind.com"]
[Date "2009.05.22"]
[Round "-"]
[White "smothered mate"]
[Black "jdcald13"]
[Result "0-1"]
[WhiteCountry "POL"]
[BlackCountry "USA"]
[WhiteElo "1914"]
[WhiteRD "62"]
[BlackElo "2031"]
[BlackRD "66"]
[GameID "205045"]

1. e4 e6 2. d4 d5 3. e5 c5 4. Nf3 cxd4 5. Bd3 Nc6 6. O-O Bc5 7. Nbd2 Nge7 8. Nb3 Bb6 9. Re1 h6 10. Bf4 O-O
11. Qd2 Ng6 12. Bg3 Bc7 13. Nbxd4 Bd7 14. c3 a6 15. Qc2 Nxd4 16. cxd4 Ne7 17. Bh4 Rc8 18. Qe2 Ba5 19. Rec1 Re8 20. a3 Ba4
21. b4 Bb6 22. Qd2 Qd7 23. Qf4 Ng6 24. Qg4 Nxh4 25. Nxh4 Bb5 26. Bc2 Rc4 27. Nf3 Rec8 28. Ra2= Ba4 29. Ne1 Bxd4 30. Qe2 Bb3
31. Bxb3 Rxc1 32. h3 Bc3
0-1

[Event "1700-2000"]
[Site "SchemingMind.com"]
[Date "2009.05.22"]
[Round "-"]
[White "jdcald13"]
[Black "smothered mate"]
[Result "1/2-1/2"]
[WhiteCountry "USA"]
[BlackCountry "POL"]
[WhiteElo "2006"]
[WhiteRD "65"]
[BlackElo "1904"]
[BlackRD "58"]
[GameID "205046"]

1. c4 e6 2. g3 d5 3. Bg2 c5 4. cxd5 exd5 5. d4 Nf6 6. Nf3 Nc6 7. Nc3 Be6 8. O-O Rc8 9. Bg5 c4 10. e4 Be7
11. Bxf6 gxf6 12. exd5 Bxd5 13. Nxd5 Qxd5 14. Ne5 Qb5 15. Nxc6 bxc6 16. Qe2 Kf8 17. Rfe1 Bb4 18. Rec1 c3 19. Qc2 cxb2 20. Qxb2 Kg7
21. Bxc6 Rxc6 22. Rxc6 Qxc6 23. Qxb4 h5 24. h4 Re8 25. Re1 Rxe1+ 26. Qxe1 Qd5 27. Qd2 a5 28. a4 Qc4 29. Qxa5 Qxd4 30. Qxh5 Qxa4
31. Qf5 Qd1+ 32. Kh2 Qe2 33. h5 Qd2 34. Kh3 Qc1 35. Qf3 Qf1+ 36. Kh4 Qg1 37. Qf4 Qh1+ 38. Kg4 Qd1+ 39. f3 Qd7+ 40. Kh4 Qd1
41. h6+ Kg6 42. Kg4 Qd7+ 43. Kh4 Qd1 44. Kg4 Qd7+ 45. Kh4 Qd1=
1/2-1/2

[Event "1700-2000"]
[Site "SchemingMind.com"]
[Date "2009.05.19"]
[Round "-"]
[White "Schaakmaatje"]
[Black "jdcald13"]
[Result "0-1"]
[WhiteCountry "NED"]
[BlackCountry "USA"]
[WhiteElo "1710"]
[WhiteRD "50"]
[BlackElo "2006"]
[BlackRD "65"]
[GameID "205112"]

1. e4 e6 2. d4 d5 3. Nd2 Nf6 4. e5 Nfd7 5. f4 c5 6. c3 Nc6 7. Ndf3 Be7 8. Be3 O-O 9. Bd3 Qb6 10. Rb1 cxd4
11. Nxd4 Nxd4 12. Bxd4 Bc5 13. Nf3 f6 14. b4 Bxd4 15. Nxd4 fxe5 16. fxe5 Nxe5 17. Bxh7+ Kxh7 18. Qh5+ Kg8 19. Qxe5 a5 20. b5 Bd7
21. a4 Rac8 22. Rc1 Rc4
0-1

[Event "1700-2000"]
[Site "SchemingMind.com"]
[Date "2009.05.23"]
[Round "-"]
[White "Schaakmaatje"]
[Black "smothered mate"]
[Result "0-1"]
[WhiteCountry "NED"]
[BlackCountry "POL"]
[WhiteElo "1671"]
[WhiteRD "49"]
[BlackElo "1894"]
[BlackRD "66"]
[GameID "205113"]

1. e4 e5 2. f4 Bc5 3. Nf3 d6 4. Bc4 Nf6 5. Nc3 Qe7 6. f5 c6 7. d3 d5 8. exd5 Bxf5 9. Bg5 h6 10. Bxf6 Qxf6
11. Ne4 Bxe4 12. dxe4 O-O 13. Qd2 b5 14. Bb3 Qf4 15. Qxf4 exf4 16. O-O-O Be3+ 17. Kb1 Re8 18. e5 c5 19. c4 b4 20. Bc2 Nd7
21. Ba4 Red8 22. e6 fxe6 23. dxe6 Nb6 24. Bc6 Rac8 25. Bd5 Kf8 26. Ne5 Bd4 27. Ng6+ Ke8 28. Nxf4 Be5 29. Ng6 Bf6 30. Rhf1 a5
31. b3 a4 32. Nf4 axb3 33. axb3 Rc7 34. Rf2 Bd4 35. Re2 g5 36. e7 Rxe7 37. Rxe7+ Kxe7 38. Ne6 Nxd5 39. cxd5 Rxd5 40. Nxc5 Kd6
41. Nd3 Bc3 42. Kc2 Ke6 43. Rf1 Ra5 44. Nc1 Rf5 45. Rxf5 Kxf5 46. Ne2 Be5 47. h3 Ke4 48. Ng1 Ke3 49. Nf3 Bc3 50. Nh2 h5
51. Nf1+ Kf2 52. Nd2 Bxd2 53. Kxd2 Kxg2
0-1

[Event "1700-2000"]
[Site "SchemingMind.com"]
[Date "2009.05.21"]
[Round "-"]
[White "jdcald13"]
[Black "Schaakmaatje"]
[Result "1-0"]
[WhiteCountry "USA"]
[BlackCountry "NED"]
[WhiteElo "2031"]
[WhiteRD "66"]
[BlackElo "1674"]
[BlackRD "50"]
[GameID "205114"]

1. c4 f5 2. e4 e6 3. exf5 exf5 4. d4 Nf6 5. Nf3 Bb4+ 6. Bd2 Qe7+ 7. Be2 d5 8. O-O O-O 9. Re1 c6 10. Bf1 Ne4
11. cxd5 cxd5 12. Qb3 Bxd2 13. Nbxd2 Be6 14. Rac1 Nc6 15. Qe3 f4 16. Qd3 Bf5 17. Qb5 Rad8 18. Nxe4 dxe4 19. d5 a6 20. Qb3 Na5
21. d6+ Qe6 22. Qxe6+ Bxe6 23. Rxe4 Bd5 24. Re7 Rxd6 25. Ne5 Re6 26. Rxe6 Bxe6 27. b4 Rf5 28. Re1
1-0

[Event "1700-2000"]
[Site "SchemingMind.com"]
[Date "2009.05.23"]
[Round "-"]
[White "smothered mate"]
[Black "Schaakmaatje"]
[Result "0-1"]
[WhiteCountry "POL"]
[BlackCountry "NED"]
[WhiteElo "1888"]
[WhiteRD "67"]
[BlackElo "1725"]
[BlackRD "50"]
[GameID "205115"]

1. e4 e5 2. Nf3 Nc6 3. Bb5 a6 4. Bxc6 dxc6 5. O-O Bd6 6. h3 Be6 7. d3 Qd7 8. Be3 h6 9. Nbd2 Ne7 10. c4 O-O
11. c5 Ng6 12. cxd6 cxd6 13. Nc4 Rab8 14. Nb6 Qe8 15. b3 f5 16. Nh2 f4 17. Bd2 Nh4 18. Bb4 Rd8 19. Nf3 Qh5 20. Nxh4 Qxh4
21. Nc4 c5 22. Ba5 Rd7 23. Qf3 b5 24. Nd2 Rf6 25. Kh2 Rg6 26. Rac1 Bg4 27. Qxg4 Rxg4 28. Nf3 Qh5 29. a4 Rg6 30. axb5 axb5
31. b4 cxb4 32. Rc8+ Kh7 33. Bxb4 Re6 34. Ra1 Re8 35. Rc6 Qg6 36. Raa6 Qf6 37. Bxd6 Re6 38. Bxe5 Rxc6 39. Bxf6 Rxa6 40. Be5 Rxd3
41. Bxf4 b4 42. Bc1 Rc6 43. Ne5 Rxh3+ 44. Kxh3 Rxc1 45. Nd3 b3 46. e5 Rc4 47. f3 Rd4 48. e6 Rxd3 49. Kg4 Re3 50. Kf5 b2
51. e7 Rxe7 52. f4 b1=Q+ 53. Kg4 Qg6+ 54. Kf3 Qh5+ 55. Kf2 Re2+ 56. Kg3 Qh1 57. f5 Qxg2+ 58. Kh4 Re4+
0-1

[Event "1700-2000"]
[Site "SchemingMind.com"]
[Date "2009.05.23"]
[Round "-"]
[White "iwegiel"]
[Black "jdcald13"]
[Result "0-1"]
[WhiteCountry "POL"]
[BlackCountry "USA"]
[WhiteElo "1926"]
[WhiteRD "74"]
[BlackElo "2006"]
[BlackRD "62"]
[GameID "205178"]

1. e4 e6 2. d4 d5 3. Nd2 dxe4 4. Nxe4 Nf6 5. Nxf6+ Qxf6 6. Nf3 h6 7. Bd3 c5 8. Be3 Nc6 9. dxc5 Qxb2 10. O-O Qa3
11. Rb1 Qxa2 12. Be4 Be7 13. Bxc6+ bxc6 14. Ne5 O-O 15. Nxc6 Bf6 16. Nb8 Ba6 17. Nxa6 Qxa6 18. Qd3 Qa5 19. Rb3 Rfd8 20. Qc4 Rac8
21. f4 Rd5 22. Rb7 Rc7 23. Rb8+ Kh7 24. Qe4+ g6 25. g4 Qc3 26. Rb3 Qa5 27. g5 Be7 28. c4 Rf5 29. Rb5 Qa3 30. Bd4 Bxc5
31. Rb8 e5 32. fxe5 Rxf1+ 33. Kxf1 Qc1+ 34. Ke2 Qxc4+
0-1

[Event "1700-2000"]
[Site "SchemingMind.com"]
[Date "2009.05.23"]
[Round "-"]
[White "iwegiel"]
[Black "smothered mate"]
[Result "1-0"]
[WhiteCountry "POL"]
[BlackCountry "POL"]
[WhiteElo "2032"]
[WhiteRD "69"]
[BlackElo "1874"]
[BlackRD "70"]
[GameID "205179"]

1. e4 e5 2. Nc3 Nf6 3. g3 Bc5 4. Bg2 d6 5. d3 Nc6 6. Na4 Bb6 7. Nxb6 axb6 8. Ne2 Be6 9. f4 d5 10. fxe5 Nxe5
11. d4 Ng6 12. e5 Nd7 13. O-O c5 14. c3 h5 15. Nf4 Nxf4 16. Bxf4 g5 17. Be3 c4 18. h3 b5 19. a4 bxa4 20. Rxa4 g4
21. h4 b5 22. Rb4 Qb6 23. b3 Nxe5 24. bxc4 Nxc4 25. Bg5 Kd7 26. Qe2 Rhe8 27. Qc2 Ra3 28. Rfb1 Ra5 29. Qh7 Nd6 30. Qxh5 Ne4
31. Bxe4 dxe4 32. Bf4 f5 33. Qh7+ Kc6 34. Qg7 Ra3 35. Qe5 Ra5 36. c4 Bd7 37. Qd6+
1-0

[Event "1700-2000"]
[Site "SchemingMind.com"]
[Date "2009.05.23"]
[Round "-"]
[White "jdcald13"]
[Black "iwegiel"]
[Result "1-0"]
[WhiteCountry "USA"]
[BlackCountry "POL"]
[WhiteElo "2006"]
[WhiteRD "65"]
[BlackElo "1889"]
[BlackRD "74"]
[GameID "205181"]

1. c4 e5 2. Nc3 Nf6 3. g3 Bb4 4. Bg2 O-O 5. a3 Bxc3 6. bxc3 c6 7. Nf3 e4 8. Nd4 d5 9. cxd5 cxd5 10. O-O Nc6
11. Nxc6 bxc6 12. c4 Be6 13. cxd5 cxd5 14. d3 Bf5 15. dxe4 dxe4 16. Bg5 Qb6 17. Qa4 Rfe8= 18. Rab1 Qe6 19. Rb7 a6 20. Rd1 h6
21. Bc1 Rad8 22. Bb2 Ng4 23. h3 Nxf2 24. Kxf2 e3+ 25. Kg1 Bxh3 26. Rxd8 Rxd8 27. Qe4 Qxe4 28. Bxe4 Bg4 29. Bd3
1-0

[Event "1700-2000"]
[Site "SchemingMind.com"]
[Date "2009.05.23"]
[Round "-"]
[White "smothered mate"]
[Black "iwegiel"]
[Result "0-1"]
[WhiteCountry "POL"]
[BlackCountry "POL"]
[WhiteElo "1882"]
[WhiteRD "69"]
[BlackElo "1969"]
[BlackRD "77"]
[GameID "205182"]

1. e4 e6 2. d4 d5 3. e5 c5 4. Nf3 Qb6 5. Bd3 cxd4 6. O-O Nc6 7. Nbd2 Nge7 8. Nb3 Bd7 9. a4 a5 10. Bf4 Ng6
11. Bg3 Be7 12. h4 f6 13. Re1 O-O-O 14. exf6 gxf6 15. h5 Nf8 16. c3 dxc3 17. bxc3 e5 18. Rb1 Qc7 19. Nbd4 Ne6 20. Qe2 Nc5
21. Bb5 Ne4 22. Bxc6 Bxc6 23. Ne6 Nxg3 24. fxg3 Qd7 25. Nxd8 Rxd8 26. Qc2 Bc5+ 27. Kh2 Rg8 28. Re2 Rg7 29. c4 d4 30. Qd2 b6
31. h6 Rg8 32. Nh4 Qg4 33. Rb3 Bxa4 34. Rf3 e4 35. Rf4 Qxg3+ 36. Kh1 e3 37. Rxe3 Qxe3
0-1

[Event "1700-2000"]
[Site "SchemingMind.com"]
[Date "2009.05.23"]
[Round "-"]
[White "Schaakmaatje"]
[Black "iwegiel"]
[Result "0-1"]
[WhiteCountry "NED"]
[BlackCountry "POL"]
[WhiteElo "1671"]
[WhiteRD "49"]
[BlackElo "1926"]
[BlackRD "74"]
[GameID "205183"]

1. e4 e6 2. Nf3 d5 3. exd5 exd5 4. d4 Bd6 5. Bd3 Nc6 6. c3 Nge7 7. Qc2 Bg4 8. Nbd2 Qd7 9. Ng5 Bf5 10. Ndf3 f6
11. Bxf5 Qxf5 12. Qxf5 Nxf5 13. Nh3 g5 14. g4 Nfe7 15. Be3 h5 16. Rg1 hxg4 17. Nhxg5 gxf3 18. Nxf3 Kf7 19. h4 Ng6 20. Rg4 Rag8
21. O-O-O Nce7 22. Rdg1 Nf8 23. Nd2 Nf5 24. Kc2 Rxg4 25. Rxg4 Rxh4 26. Rxh4 Nxh4 27. Kd3 Ne6 28. Ke2 Nf4+ 29. Kd1 Kg6 30. c4 c6
31. b3 Kg5 32. Nf1 Nf3 33. Ng3 Kg4 34. Bc1 Nxd4 35. Bd2 f5 36. Be3 Be5 37. Nf1 Nfe6 38. Bc1 f4 39. Ke1 dxc4 40. bxc4 Nf5
41. Nh2+ Kh3 42. Nf3 Bf6 43. Ke2 Kg2 44. Ne1+ Kh3 45. Kf3 Nh4+ 46. Ke4 Nc5+ 47. Kxf4 Ne6+ 48. Ke4 Kg4 49. f3+ Kg3 50. f4 Nc5+
51. Ke3 Nf5+ 52. Ke2 Nd6 53. Nd3 Nxd3 54. Kxd3 Kf3 55. c5 Nf5 56. Bd2 Bg7
0-1

[Event "1700-2000"]
[Site "SchemingMind.com"]
[Date "2009.05.20"]
[Round "-"]
[White "Orhany24"]
[Black "jdcald13"]
[Result "0-1"]
[WhiteCountry "TUR"]
[BlackCountry "USA"]
[WhiteElo "1751"]
[WhiteRD "74"]
[BlackElo "2006"]
[BlackRD "65"]
[GameID "205232"]

1. d4 e6 2. c4 f5 3. Nc3 Nf6 4. Qc2 Be7 5. e4 fxe4 6. Nxe4 O-O 7. Bd3 h6 8. Nf3 b6 9. O-O Bb7 10. h3 Nxe4
11. Bxe4 Bxe4 12. Qxe4 Nc6 13. d5 exd5 14. Qxd5+ Kh8 15. Bd2 Nb4 16. Bxb4 Bxb4 17. a3 Bd6 18. Rae1 Qf6 19. b4 Qf4 20. Re4 Qf7
21. Qd4 Rae8 22. Rfe1 Rxe4 23. Rxe4 Re8 24. Rh4 Kg8 25. Qg4 Qe6 26. Qxe6+ Rxe6 27. Kf1 Kf7 28. g3 c5 29. b5 Kf6 30. Nd2 Kf5
31. Rg4 g5 32. f3 h5 33. Re4 Bxg3 34. Rxe6 dxe6 35. Ne4 Be5 36. a4 g4 37. hxg4+ hxg4 38. Kf2 Kf4 39. Nd2 Bc3 40. Ne4 Bd4+
0-1

[Event "1700-2000"]
[Site "SchemingMind.com"]
[Date "2009.05.24"]
[Round "-"]
[White "Orhany24"]
[Black "smothered mate"]
[Result "0-1"]
[WhiteCountry "TUR"]
[BlackCountry "POL"]
[WhiteElo "1723"]
[WhiteRD "74"]
[BlackElo "1869"]
[BlackRD "55"]
[GameID "205233"]

1. d4 d5 2. c4 e6 3. Nf3 c5 4. e3 Nc6 5. Be2 Nf6 6. O-O Be7 7. b3 O-O 8. Bb2 a6 9. Nbd2 dxc4 10. bxc4 cxd4
11. exd4 Bd7 12. a3 Rc8 13. Rc1 Qb6 14. Qb3 Qa7 15. Rfd1 Rfd8 16. Nf1 Na5 17. Qe3 Ba4 18. Rd3 Nxc4
0-1

[Event "1700-2000"]
[Site "SchemingMind.com"]
[Date "2009.05.21"]
[Round "-"]
[White "Orhany24"]
[Black "Schaakmaatje"]
[Result "1-0"]
[WhiteCountry "TUR"]
[BlackCountry "NED"]
[WhiteElo "1751"]
[WhiteRD "74"]
[BlackElo "1710"]
[BlackRD "50"]
[GameID "205234"]

1. e4 d6 2. d4 g6 3. c4 Bg7 4. Nc3 c6 5. Be3 Nd7 6. Bd3 e5 7. d5 Ngf6 8. h3 O-O 9. Nge2 Nh5 10. Qd2 f5
11. Bg5 Bf6 12. Bxf6 Rxf6 13. O-O-O f4 14. f3 g5 15. Rdg1 Rg6 16. g3 Ndf6 17. gxf4 Nxf4 18. Nxf4 gxf4 19. h4 Nh5 20. Ne2 Qf6
21. Qe1 Bd7 22. Qf2 c5 23. Qh2 a6 24. Rg5 Rf8 25. Rxh5
1-0

[Event "1700-2000"]
[Site "SchemingMind.com"]
[Date "2009.05.24"]
[Round "-"]
[White "Orhany24"]
[Black "iwegiel"]
[Result "0-1"]
[WhiteCountry "TUR"]
[BlackCountry "POL"]
[WhiteElo "1783"]
[WhiteRD "77"]
[BlackElo "1926"]
[BlackRD "74"]
[GameID "205235"]

1. d4 Nf6 2. c4 d6 3. Nc3 c6 4. e4 Nbd7 5. Bd3 e5 6. d5 cxd5 7. cxd5 Nc5 8. Bb5+ Bd7 9. Bxd7+ Qxd7 10. f3 a5
11. Nge2 Be7 12. O-O O-O 13. Be3 b6 14. a4 Rfe8 15. Nb5 Bf8 16. Nec3 g6 17. Rc1 Bg7 18. h3 Nh5 19. Kh2 Nf4 20. Bxc5 bxc5
21. b3 g5 22. g4 Bf6 23. Kg3 Be7 24. Rh1 Kg7 25. Qd2 Rh8 26. Rh2 h5 27. Rch1 Qb7 28. Kf2 Rac8 29. Ne2 hxg4 30. Nxf4 gxf4
31. hxg4 Rxh2+ 32. Rxh2 c4 33. Qc3 cxb3 34. Qxb3 Rc1 35. Kg2 Qc8 36. Na3 Qc5 37. Rh1 Rc3
0-1

[Event "1700-2000"]
[Site "SchemingMind.com"]
[Date "2009.05.21"]
[Round "-"]
[White "jdcald13"]
[Black "Orhany24"]
[Result "1-0"]
[WhiteCountry "USA"]
[BlackCountry "TUR"]
[WhiteElo "1971"]
[WhiteRD "66"]
[BlackElo "1723"]
[BlackRD "74"]
[GameID "205236"]

1. c4 c5 2. Nc3 Nc6 3. g3 e6 4. Bg2 Nf6 5. Nf3 d5 6. cxd5 exd5 7. d4 cxd4 8. Nxd4 a6 9. O-O Bc5 10. Nb3 Ba7
11. Nxd5 O-O 12. Bg5 Be6 13. Nxf6+ gxf6 14. Qxd8 Raxd8 15. Bxf6 Rd7 16. Rad1
1-0

[Event "1700-2000"]
[Site "SchemingMind.com"]
[Date "2009.05.24"]
[Round "-"]
[White "smothered mate"]
[Black "Orhany24"]
[Result "0-1"]
[WhiteCountry "POL"]
[BlackCountry "TUR"]
[WhiteElo "1904"]
[WhiteRD "58"]
[BlackElo "1751"]
[BlackRD "74"]
[GameID "205237"]

1. e4 c5 2. c3 e5 3. f4 d6 4. Nf3 Nc6 5. Bc4 h6 6. O-O Be6 7. Bxe6 fxe6 8. fxe5 dxe5 9. Nxe5 Nf6 10. Ng6 Rg8
11. e5 Qd3 12. Nf4 Qd7 13. exf6 O-O-O 14. d4 cxd4 15. cxd4 Nxd4 16. Be3 Bc5 17. Na3 Kb8 18. Nd3 Bb6 19. Ne5 Qd5 20. Nac4 gxf6
21. Rf2 fxe5 22. Nxb6 axb6 23. Bxh6 Qe4 24. Rc1 Nf5 25. Qh5 Rh8 26. Rxf5 exf5 27. Qf7 Qd4+ 28. Kf1 Rxh6 29. Qc7+ Ka7 30. Rc3 Qd1+
31. Kf2 Rd2+ 32. Kg3 Qg4#
0-1

[Event "1700-2000"]
[Site "SchemingMind.com"]
[Date "2009.05.21"]
[Round "-"]
[White "Schaakmaatje"]
[Black "Orhany24"]
[Result "0-1"]
[WhiteCountry "NED"]
[BlackCountry "TUR"]
[WhiteElo "1769"]
[WhiteRD "51"]
[BlackElo "1723"]
[BlackRD "74"]
[GameID "205238"]

1. e4 e5 2. f4 exf4 3. Nf3 d5 4. e5 f6 5. exf6 Nxf6 6. d4 Bd6 7. Nc3 O-O 8. Be2 c6 9. O-O Nbd7 10. Ng5 Qe8
11. Bxf4 Bxf4 12. Rxf4 Qe3+
0-1

[Event "1700-2000"]
[Site "SchemingMind.com"]
[Date "2009.05.24"]
[Round "-"]
[White "iwegiel"]
[Black "Orhany24"]
[Result "0-1"]
[WhiteCountry "POL"]
[BlackCountry "TUR"]
[WhiteElo "1926"]
[WhiteRD "74"]
[BlackElo "1783"]
[BlackRD "77"]
[GameID "205239"]

1. b3 d5 2. Bb2 c5 3. e3 a6 4. f4 Nc6 5. Nf3 e6 6. Be2 Nf6 7. O-O Bd6 8. Ne5 O-O 9. Nxc6 bxc6 10. d3 Qc7
11. Nd2 e5 12. Nf3 Ng4 13. fxe5 Nxe5 14. h3 h6 15. Qd2 Be6 16. c4 Nxf3+ 17. Rxf3 f5 18. d4 cxd4 19. Qxd4 c5 20. Qc3 Rad8
21. Rd1 d4 22. exd4 cxd4 23. Qe1 Bc8 24. Rfd3 Bb7 25. Qf2 Be4 26. Rxd4 Bc5 27. b4 Bxd4 28. Rxd4 Rxd4 29. Qxd4 Rd8 30. Qc3 Qb7
31. c5 Bxg2 32. Bxa6 Rd1+ 33. Kh2 Rh1+ 34. Kg3 Rxh3+ 35. Kf4 Qe4#
0-1

[Event "1700-2000"]
[Site "SchemingMind.com"]
[Date "2009.05.21"]
[Round "-"]
[White "Zagloba"]
[Black "Orhany24"]
[Result "1-0"]
[WhiteCountry "POL"]
[BlackCountry "TUR"]
[WhiteElo "1829"]
[WhiteRD "76"]
[BlackElo "1723"]
[BlackRD "74"]
[GameID "205551"]

1. e4 e5 2. f4 d6 3. Nf3 exf4 4. d4 d5 5. exd5 Qxd5 6. Bxf4 Nf6 7. Bd3 Bd6 8. Bxd6 Qxd6 9. O-O O-O 10. Nc3 a6
11. Ng5 h6 12. Nge4 Nxe4 13. Bxe4 c5 14. Qf3 Qxd4+ 15. Kh1 Nd7 16. Rad1 Qb4 17. Nd5 Qxb2 18. Ne7+ Kh8 19. Nxc8 Ne5 20. Qf5 Ng6
21. Ne7
1-0

[Event "1700-2000"]
[Site "SchemingMind.com"]
[Date "2009.05.23"]
[Round "-"]
[White "Zagloba"]
[Black "jdcald13"]
[Result "0-1"]
[WhiteCountry "POL"]
[BlackCountry "USA"]
[WhiteElo "1819"]
[WhiteRD "75"]
[BlackElo "1908"]
[BlackRD "70"]
[GameID "205552"]

1. e4 e6 2. Qe2 c5 3. g3 Nc6 4. Nf3 Nf6 5. c3 Be7 6. Bg2 O-O 7. O-O d5 8. d3 d4 9. a4 b6 10. Na3 Ba6
11. Nd2 dxc3 12. bxc3 Bxd3
0-1

[Event "1700-2000"]
[Site "SchemingMind.com"]
[Date "2009.05.26"]
[Round "-"]
[White "Zagloba"]
[Black "smothered mate"]
[Result "0-1"]
[WhiteCountry "POL"]
[BlackCountry "POL"]
[WhiteElo "1806"]
[WhiteRD "73"]
[BlackElo "1888"]
[BlackRD "67"]
[GameID "205553"]

1. e4 e5 2. Nf3 Nc6 3. d4 exd4 4. Nxd4 Nf6 5. Nxc6 bxc6 6. e5 Nd5 7. c4 Bb4+ 8. Bd2 Bxd2+ 9. Qxd2 Nb6 10. Nc3 Ba6
11. b3 Qe7 12. O-O-O O-O 13. f4 Rfd8 14. Be2 d6 15. Bf3 dxe5 16. Qe3 Qa3+ 17. Kc2 exf4 18. Qxf4 Rd6 19. Rxd6 Qxd6 20. Qxd6 cxd6
21. Bxc6 Rc8 22. Bf3 Kf8 23. Rd1 Ke7 24. Re1+ Kd8 25. Ne4 d5 26. Nd6 Rc7 27. Bg4 Re7 28. Rxe7 Kxe7 29. c5 Nd7 30. Bxd7 Kxd7
31. Nf5 g6 32. Ne3 Kc6 33. b4 f5 34. g3 d4 35. Nd1 Be2 36. a4 a5 37. b5+ Kxc5 38. Nb2 Bf3 39. Nd3+ Kb6 40. Kb3 Bd5+
41. Kc2 Be4 42. Kd2 g5 43. Ke2 h5 44. h4 Bxd3+ 45. Kxd3 f4 46. gxf4 gxh4 47. f5 h3 48. f6 h2 49. f7 h1=Q 50. f8=Q Qd1+
51. Ke4 Qc2+ 52. Kd5 Qb3+ 53. Ke5 Qxa4 54. Qb8+ Kc5 55. b6 Qc6
0-1

[Event "1700-2000"]
[Site "SchemingMind.com"]
[Date "2009.05.21"]
[Round "-"]
[White "Zagloba"]
[Black "Schaakmaatje"]
[Result "1-0"]
[WhiteCountry "POL"]
[BlackCountry "NED"]
[WhiteElo "1882"]
[WhiteRD "74"]
[BlackElo "1710"]
[BlackRD "50"]
[GameID "205554"]

1. e4 d6 2. d4 g6 3. c3 Bg7 4. Bd3 c6 5. f4 e5 6. Nf3 Bg4 7. Bc2 Nd7 8. O-O Qb6 9. a4 exd4 10. a5 Qc5
11. b4 Qh5 12. cxd4 Ngf6 13. Nc3 O-O 14. Ne2 Rfe8 15. e5 dxe5 16. dxe5 Nd5 17. Ng3 Bxf3 18. Rxf3 Nxb4 19. Nxh5
1-0

[Event "1700-2000"]
[Site "SchemingMind.com"]
[Date "2009.05.26"]
[Round "-"]
[White "Zagloba"]
[Black "iwegiel"]
[Result "0-1"]
[WhiteCountry "POL"]
[BlackCountry "POL"]
[WhiteElo "1807"]
[WhiteRD "76"]
[BlackElo "1926"]
[BlackRD "74"]
[GameID "205555"]

1. e4 e6 2. d4 d5 3. e5 c5 4. c3 Qb6 5. Nf3 Nc6 6. a3 c4 7. Be2 Bd7 8. Nbd2 Na5 9. O-O Ne7 10. Re1 h6
11. Rb1 Qc7 12. Qc2 Nc8 13. Nf1 Nb6 14. Bd1 Ba4 15. Qe2 Bxd1 16. Qxd1 Be7 17. Ng3 O-O-O 18. Nd2 h5 19. Nxh5 Rh7 20. h3 Rdh8
21. Ng3 Qd8 22. b4 cxb3 23. Nxb3 Nbc4 24. Nf1 g5 25. Nxa5 Qxa5 26. Qb3 Qa6 27. Nh2 Kb8 28. Re2 b6 29. f4 gxf4 30. a4 Rg7
31. Ng4 Ne3 32. Rf2 Nxg4 33. hxg4 Rxg4 34. Rxf4 Qe2 35. Rxg4 Qe1#
0-1

[Event "1700-2000"]
[Site "SchemingMind.com"]
[Date "2009.05.22"]
[Round "-"]
[White "Orhany24"]
[Black "Zagloba"]
[Result "0-1"]
[WhiteCountry "TUR"]
[BlackCountry "POL"]
[WhiteElo "1751"]
[WhiteRD "74"]
[BlackElo "1882"]
[BlackRD "74"]
[GameID "205556"]

1. d4 f5 2. c4 Nf6 3. Nc3 e6 4. Qc2 d5 5. cxd5 exd5 6. f4 c6 7. Nf3 Be7 8. e3 O-O 9. Bd3 Ne4 10. O-O Nd7
11. Bd2 Ndf6 12. Ne5 Qe8 13. Be2 Be6 14. Nxe4 Nxe4 15. a3 Bf7 16. Be1 Bh5 17. Bf3 Bxf3 18. Nxf3 Kh8 19. Ne5 Bd6 20. Nf3 h6
21. g3 g5 22. Ne5 Bxe5 23. dxe5 Qg6 24. Kh1 Rf7 25. Rg1 g4 26. Kg2 Rh7 27. Rh1 a5 28. b4 axb4 29. Bxb4 c5 30. Bd2 Qc6
31. Rhc1 b6 32. Be1 d4 33. exd4 Nxg3+ 34. Kg1 Qh1+ 35. Kf2 Qf3+ 36. Kg1 Qf1#
0-1

[Event "1700-2000"]
[Site "SchemingMind.com"]
[Date "2009.05.24"]
[Round "-"]
[White "jdcald13"]
[Black "Zagloba"]
[Result "1-0"]
[WhiteCountry "USA"]
[BlackCountry "POL"]
[WhiteElo "1971"]
[WhiteRD "66"]
[BlackElo "1829"]
[BlackRD "76"]
[GameID "205557"]

1. c4 Nf6 2. Nc3 c5 3. g3 d5 4. cxd5 Nxd5 5. Bg2 Nc7 6. Nf3 Nc6 7. O-O e5 8. d3 Be7 9. Be3 O-O 10. Rc1 Bd7
11. Nd2 b6 12. Nc4 f6 13. Qb3 Kh8 14. a4 Rb8 15. f4 exf4 16. Bxf4 Nd4 17. Qd1 Bc6 18. e3 Bxg2 19. Kxg2 Nde6 20. Bxc7 Nxc7
21. d4 Nd5 22. e4 Nc7 23. d5 Ne8 24. e5 a6 25. d6
1-0

[Event "1700-2000"]
[Site "SchemingMind.com"]
[Date "2009.05.26"]
[Round "-"]
[White "smothered mate"]
[Black "Zagloba"]
[Result "1-0"]
[WhiteCountry "POL"]
[BlackCountry "POL"]
[WhiteElo "1869"]
[WhiteRD "55"]
[BlackElo "1829"]
[BlackRD "76"]
[GameID "205558"]

1. e4 e6 2. d4 d5 3. e5 c5 4. Nf3 Nc6 5. Bd3 Qb6 6. O-O cxd4 7. Nbd2 Bd7 8. Nb3 Nge7 9. Bf4 O-O-O 10. a4 h6
11. a5 Qc7 12. Bg3 g5 13. Qe2 Ng6 14. Rfc1 Be7 15. c4 dxc4 16. Rxc4 Kb8 17. Nfxd4 h5 18. Nb5 Qc8 19. Qe3 b6 20. Nxa7 Qb7
21. axb6 h4 22. Be4 hxg3 23. Bxc6 gxh2+ 24. Kh1 Bxc6 25. Nxc6+
1-0

[Event "1700-2000"]
[Site "SchemingMind.com"]
[Date "2009.05.22"]
[Round "-"]
[White "Schaakmaatje"]
[Black "Zagloba"]
[Result "1/2-1/2"]
[WhiteCountry "NED"]
[BlackCountry "POL"]
[WhiteElo "1710"]
[WhiteRD "50"]
[BlackElo "1882"]
[BlackRD "74"]
[GameID "205559"]

1. e4 e5 2. f4 d5 3. exd5 e4 4. Nc3 Nf6 5. Bc4 c6 6. dxc6 Nxc6 7. d3 Bb4 8. Ne2 O-O 9. O-O Bc5+ 10. Kh1 Ng4
11. Nxe4 Qh4 12. h3 Nf2+ 13. Nxf2 Bxf2 14. Ng1 Nd4 15. c3 Nf5 16. Rxf2 Qxf2 17. Qf3 Ng3+ 18. Kh2 Nf1+=
1/2-1/2

[Event "1700-2000"]
[Site "SchemingMind.com"]
[Date "2009.05.26"]
[Round "-"]
[White "iwegiel"]
[Black "Zagloba"]
[Result "1-0"]
[WhiteCountry "POL"]
[BlackCountry "POL"]
[WhiteElo "1926"]
[WhiteRD "74"]
[BlackElo "1807"]
[BlackRD "76"]
[GameID "205560"]

1. b4 e5 2. Bb2 Bxb4 3. Bxe5 Nf6 4. c4 O-O 5. e3 d5 6. Bb2 Be6 7. cxd5 Nxd5 8. Nf3 c6 9. Be2 Nd7 10. O-O Bd6
11. Nc3 Nxc3 12. Bxc3 Bg4 13. h3 Bh5 14. Qb3 Nc5 15. Qd1 Ne4 16. Bb2 Qd7 17. d3 Nc5 18. d4 Ne4 19. Nd2 Bxe2 20. Qxe2 f5
21. Rfd1 Nxd2 22. Qxd2 Rae8 23. f4 Qe7 24. Re1 Rf6 25. g3 Re6 26. Kf2 g5 27. d5 Re4 28. Qc3 cxd5 29. Qh8+ Kf7 30. Qxh7+
1-0

[Event "1700-2000"]
[Site "SchemingMind.com"]
[Date "2009.05.24"]
[Round "-"]
[White "emvarela"]
[Black "Orhany24"]
[Result "1-0"]
[WhiteCountry "ARG"]
[BlackCountry "TUR"]
[WhiteElo "1904"]
[WhiteRD "112"]
[BlackElo "1723"]
[BlackRD "74"]
[GameID "205602"]

1. e4 e5 2. Nf3 Nc6 3. d4 exd4 4. c3 dxc3 5. Bc4 h6 6. Nxc3 d6 7. Qb3 Qf6 8. Nd5 Qd8 9. Bd2 Be6 10. Qxb7 Bxd5
11. Bxd5
1-0